000 01217nam a2200301 i 4500
003 EG-GICUC
005 20260224072136.0
008 260224s1967 ua ||||fr|||| 00| 0 ara d
040 _a EG-GICUC
_bara
_c EG-GICUC
_d EG-GICUC
_erda
041 0 _aara
082 0 4 _221
_a345.2407
_bخ ا . ت
092 0 4 _221
099 _aLaw1 07 345.2407 خ ا . ت 1967
100 0 _aخالد سماره الزغبي
_eمؤلف.
245 1 0 _aتشكيل المجالس الحكومية و اثره علي كفايتها :
_bدراسة مقارنة المملكة المتحدة - فرنسا - يوغو سلافيا - مصر - الاردن/
_cدكتور خالد سماره الزغبي
264 1 _aالاسكندرية :
_bمنشأة المعارف،
_c1967.
300 _a496 صفحة ؛
_c24 سم
336 _2rda content
_atext
337 _2rda media
_aComputer
338 _2rda carrier
_aOnline Resource
504 _aيشتمل على إرجاعات ببليوجرافية.
546 _aالنص باللغة العربية
650 1 4 _aالقانون الاداري
_2qrmak
651 1 _2qrmak
856 4 0 _uhttps://fll.law.cu.edu.eg/fulltext/bks/B07-03377.pdf
905 _a74
942 _2ddc
_n0
_cBK
_e21
999 _c64095
_d64095